Gracie Abrams Songs From The First Lyric - Statistics

General Stats
  • This quiz has been taken 234 times
  • The average score is 9 of 13
Answer Stats
First Lyric Song % Correct
I cut the rope and you fell from the tower / I let it go for my peace of mind Blowing Smoke
87%
Look at me now / Said I wouldn't do it, but I hunted you down Risk
85%
Opened two double doors / Typical, pretty sure I could grow up Mess It Up
77%
I met a girl once / She sorta ripped me open Amelie
74%
I was bored out my mind / Lost my whole appetite Best
74%
You were my worst time, you were the shoreline / You were the crash, and now I break Gave You I Gave You I
68%
Packing while you're asleep / You were the catalyst Long Sleeves
67%
Hey, I feel like I might say the wrong thing / I hung up when I started calling Rockland
66%
Hit me 310 / And I'll be home at some point minor
59%
I'm a rollercoaster / You're a dead-end street Full machine
56%
Talk to me more / You're a little bit bored, I'm a little bit tired Mean It
53%
Turn around, why are you talkin' so slowly? / Why's it feel like you don't even know me? Two people
52%
I only thought it for a minute, but it got me down / The kind of feeling when you've got something to cry about Hard to Sleep
51%
No matching quizzes found
Score Distribution
Percent of People with Each Score
Percentile by Number Answered
Your Score History
You have not taken this quiz